Top 20 Frank Ocean Songs - Statistics

General Stats
  • This quiz has been taken 20 times
  • The average score is 5 of 20
Answer Stats
# Hint Answer % Correct
10 blonde white ferrari
72%
6 blonde nights
61%
4 channel orange pyramids
61%
2 blonde self control
33%
9 channel orange bad religion
28%
5 channel orange pink matter
28%
8 channel orange crack rock
22%
16 blonde godspeed
22%
17 nostalgia, ultra swim good
22%
11 channel orange monks
17%
1 endless rushes
17%
3 endless higgs
11%
15 blonde solo (reprise)
11%
7 nostalgia, ultra strawberry swing
11%
18 endless U-n-i-t-y
11%
20 unreleased i need it
6%
14 endless in here somewhere
6%
19 unreleased rocket love
6%
13 endless rushes to
6%
12 unreleased static
6%
No matching quizzes found
Score Distribution
Percent of People with Each Score
Percentile by Number Answered
Your Score History
You have not taken this quiz